| 000 | 00966cam a2200133 4500500 | ||
|---|---|---|---|
| 005 | 20251214005353.0 | ||
| 041 | _afre | ||
| 042 | _adc | ||
| 100 | 1 | 0 |
_aGaffard, Jean-Luc _eauthor |
| 245 | 0 | 0 | _aLa croissance économique |
| 260 |
_bArmand Colin,
_c2011. |
||
| 520 | _aCe manuel d'introduction s’appuie sur les développements et les recherches les plus récents, la discipline ayant été remise en avant par la récente crise financière mondiale qui oblige à réinventer des politiques d’inspiration néo-keynésienne. Il met l’accent sur les distorsions et les déséquilibres que le fonctionnement des marchés et l’action publique aident à surmonter. Après l'étude et la critique les différentes modèles de croissance, il analyse les problèmes et les politiques mises en œuvre pour atteindre ou retrouver la croissance. | ||
| 856 | 4 | 1 | _uhttps://shs.cairn.info/la-croissance-economique--9782200272036?lang=fr&redirect-ssocas=7080 |
| 999 |
_c1568804 _d1568804 |
||